| Record ID | ia:inpalliserstrian0000poty |
| Source | Internet Archive |
| Download MARC XML | https://archive.org/download/inpalliserstrian0000poty/inpalliserstrian0000poty_marc.xml |
| Download MARC binary | https://www.archive.org/download/inpalliserstrian0000poty/inpalliserstrian0000poty_meta.mrc |
LEADER: 01036cam 2200289 a 4500
001 0116404008371
005 19951215000000.0
008 960517s1995 sncb b 001 0 eng u
016 $a 959202196
020 $a1895830060 (pbk.) :$c$18.50
035 $a(Sirsi) ACM-2709
035 $a269834543
035 00 $aFRO A95-4548$iUALBTA/ALT-8661/CCOLTMAN
040 $aOPET$beng
046 $aCaMWU$beng$cCaOONL$dCaOONL$dAEU
055 15 $aQH541.5.P7$bP68 1995
090 $aQH 541.5 .P7 P68 1995$bb
100 1 $aPotyondi, Barry,$d1954-
245 10 $aIn Palliser's Triangle :$bliving in the grasslands, 1850-1930 /$cBarry Potyondi.
260 $aSaskatoon, Sask. :$bPurich Publishing,$cc1995.
300 $a143 p. :$bmap ;$c23 cm.
504 $aIncludes bibliographical references and index.
518 $a96 11 07
650 0 $aGrassland ecology$zSaskatchewan$xHistory.
650 0 $aGrasslands$zSaskatchewan$xHistory.
650 0 $aHabitat (Ecology)$xModification$zSaskatchewan$xHistory.
650 0 $aMan$xInfluence on nature$zSaskatchewan.